Normal view
MARC view
Entry Personal Name
001 - CONTROL NUMBER
- control field: 730135
003 - CONTROL NUMBER IDENTIFIER
- control field: OSt
005 - DATE AND TIME OF LATEST TRANSACTION
- control field: 20250108124940.0
008 - FIXED-LENGTH DATA ELEMENTS
- fixed length control field: 250108|| aca||aabn | a|a d
040 ## - CATALOGING SOURCE
- Original cataloging agency: OSt
- Transcribing agency: OSt
100 ## - HEADING--PERSONAL NAME
- Personal name: Siddiqui Ali Au
670 ## - SOURCE DATA FOUND
- Source citation: Work cat.: (OSt)1235177: Siddiqui Ali Au., Rajiv: the man of action, 2789
